Joueurs français passés par Everton - Statistiques

Statistiques générales
  • Ce quiz a été pris 78 fois
    16 depuis la dernière actualisation
  • Le résultat moyen est 4 sur 13
Statistiques - réponses
Année Matchs Nom % Correct
2018-2022 127 Lucas Digne
80%
2017-2020 88 Morgan Schneiderlin
53%
2009-2015 210 Sylvain Distin
53%
2008-2012 115 Louis Saha
40%
2022-2024 32 Neal Maupay
40%
2002-2003 7 David Ginola
33%
2018-2019 36 Kurt Zouma
33%
2019-2020 28 Djibril Sidibé
20%
2018 2 Eliaquim Mangala
20%
1998-1999 36 Olivier Dacourt
20%
2020-2022 7 Niels Nkounkou
13%
2004-2005 0 Guillaume Plessis
0%
1997-1998 20 Mickaël Madar
0%
Aucun quiz correspondant
Distribution des résultats
% des personnes avec chaque résultat
Percentile par nombre de réponses
Votre historique - résultats
Vous n’avez pas pris ce quiz depuis la dernière actualisation